| 000 | 00769nam a2200241Ia 4500 | ||
|---|---|---|---|
| 001 | dia_1923 | ||
| 003 | CHAP | ||
| 005 | 20251021151549.0 | ||
| 008 | 220117s1970 xx 000 0 und d | ||
| 010 | _a172459 | ||
| 040 | _cCHAP | ||
| 082 | _a633.368 G54 | ||
| 100 |
_aGillier, P. _948036 |
||
| 245 |
_aEl Cacahuate o Maní / _c por P. Gillier y por P. Silvestre |
||
| 260 |
_aBarcelona : _b Blume, _c1970 |
||
| 300 | _a281 p. | ||
| 400 | _aCOLECCIÓN AGRICULTURA TROPICAL | ||
| 600 |
_a1.Cacahuates/ 2.Aceites y grasas comestibles/ 3.Aceite de cacahuate/ 4.Cacahuate-industrialización. I. Silvestre, P. II.t. _9151842 |
||
| 901 | _a633.368 G54 | ||
| 902 | _aM | ||
| 905 | _a0000001970 BARX 0000000000ESP00 | ||
| 942 |
_cLIBRO _2ddc |
||
| 999 |
_c172459 _d172459 |
||